| 000 | 00359nam a22001457a 4500 | ||
|---|---|---|---|
| 020 | _a0-07-042727-5 | ||
| 082 | _a658.5 MON | ||
| 100 |
_aMONKS, JOSEPH G _965263 |
||
| 245 | _aOPERATIONS MANAGEMENT , THEORY AND PROBLEMS | ||
| 250 | _a3RD | ||
| 260 |
_aNEWYORK _bMCGRAW HILL _c1987 |
||
| 300 | _a719P | ||
| 650 |
_aPRODUCTION MANAGEMENT _91879 |
||
| 942 | _cBK | ||
| 999 |
_c573532 _d573532 |
||